Gay-Friendly Cities - Statistics

General Stats
  • This quiz has been taken 125 times
  • The average score is 10 of 15
Answer Stats
Hint Answer % Correct
2 New York City
96%
3 Los Angeles
95%
1 San Francisco
86%
4 Chicago
82%
11 Miami
82%
8 Boston
78%
5 Seattle
78%
14 Philadelphia
72%
12 Washington, D.C.
69%
6 Portland,OR
64%
7 Atlanta
62%
10 Austin
52%
13 Minneapolis
50%
15 New Orleans
47%
9 Palm Springs
4%
No matching quizzes found
Score Distribution
Percent of People with Each Score
Percentile by Number Answered
Your Score History
You have not taken this quiz